000 00738nam a22002657a 4500
001 BR2020000546
003 BR-BrBNA
005 20230928105545.0
007 ta
008 230509b bl.||||| |||| 00| 0 por d
040 _aBR-BrBNA
_bpor
_cBiblioteca Nacional de Agricultura
041 _a(Por)
072 _aD50; E11
090 _ D50 BR2020000546
100 1 _aColatto, V.
245 1 _aColetânea: lei de regularização fundiária rural e urbana no Brasil
_bInclui a Lei no. 13.465
250 1 _a1.ed.
260 3 _aBrasília, DF (Brasil):
_c2017.
300 _a135 p.
650 _aLEGISLAÇÃO AGRÁRIA
650 _aREFORMA AGRÁRIA
650 _aASSENTAMENTO
909 _a202309
_bLucia
_c55
_dLucia Elande
942 _cBK
999 _c85639
_d85639